000 00727nam a2200265Ia 4500
003 OSt
005 20220918164015.0
006 a|||||r|||| 00| 0
007 ta
008 220917b |||||||| |||| 00| 0 eng d
020 _a0395685125 (hbk)
024 _a176,165
037 _cTextual
040 _aARTS
_cARTS
_beng
041 _2eng
_aeng
082 _aX:9, P1 (SC)
100 _aDeNisi Angelo S.
_916583
245 0 _aHuman resource management
260 _aBoston
_bHoughton Miffin Company
_c2001
300 _axxxi,583p.
_ccm.
650 _aECONOMICS
700 _a Griffin Ricky W.
_916584
942 _hX:9, P1 (SC)
_cTEXL
_2CC
999 _c122594
_d122594